| 000 | 00401nam a22001577a 4500 | ||
|---|---|---|---|
| 005 | 20250915120805.0 | ||
| 008 | 250915b |||||||| |||| 00| 0 eng d | ||
| 020 | _a979-8-88715-312-4 | ||
| 100 | _aTERRY LUKA | ||
| 245 | _aPRINCIPLES OF DAIRY MANAGEMENT | ||
| 260 |
_aDUBLIN _bORYSON PRESS _c2024 |
||
| 300 | _a280P. | ||
| 500 | _aINCLUDES AN INDEX | ||
| 650 | _aDAIRY FARMING | ||
| 942 |
_2lcc _cBK |
||
| 999 |
_c216086 _d216086 |
||